Library of the University of Algiers 3
Ibrahim Sultan Cheibout
شعار جامعة الجزائر 3
مكتبة جامعة الجزائر 3
إبراهيم سلطان شيبوط

إدارة التغيير والتحديات العصرية للمدير : (رقم التسجيلة. 43120)

تفاصيل مارك
000 -LEADER
fixed length control field 01597nam a2200253Ia 4500
003 - CONTROL NUMBER IDENTIFIER
control field Ost
005 - DATE AND TIME OF LATEST TRANSACTION
control field 20260507075124.0
008 - FIXED-LENGTH DATA ELEMENTS--GENERAL INFORMATION
fixed length control field 260507s9999||||xx |||||||||||||| ||und||
040 ## - CATALOGING SOURCE
Transcribing agency fsecg
041 ## - LANGUAGE CODE
Language code of text/sound track or separate title ara
082 ## - DEWEY DECIMAL CLASSIFICATION NUMBER
Classification number 330
100 ## - MAIN ENTRY--PERSONAL NAME
Personal name العطيات، محمد بن يوسف النهران
Relator term مؤلف
245 #0 - TITLE STATEMENT
Title إدارة التغيير والتحديات العصرية للمدير :
Remainder of title رؤية معاصرة لمدير القرن الحادي والعشرين /
Statement of responsibility, etc. محمد بن يوسف النهران العطيات
260 ## - PUBLICATION, DISTRIBUTION, ETC.
Place of publication, distribution, etc. عمان:
Name of publisher, distributor, etc. دار الحامد,
Date of publication, distribution, etc. 2006
300 ## - PHYSICAL DESCRIPTION
Extent 332 صفحة؛
Other physical details إيضاحات ؛
Dimensions 25 سم
520 ## - SUMMARY, ETC.
Summary, etc. أساسيات البحث-الفكر الإداري الحديث وتحديات المستقبل-الفكر الإسلامي بين الثبات والتطوير-إدارة التغيير-الرؤية الإستراتيجية والرسالة والأهداف وأهميتها للمؤسسة العصرية-الإدارة في ظل ظروف متغيرة-القيادة الإدارية والتغيير-المدير وتحديات ثورة المعلومات والإتصال-المدير العصري وتحديات خصخصة المؤسسات-إدارة التغيير وتحدياته العصرية بالنسبة للمدير-الخاتمة والتوصيات
653 ## - INDEX TERM--UNCONTROLLED
Uncontrolled term إدارة التغيير - الجزائر
653 ## - INDEX TERM--UNCONTROLLED
Uncontrolled term الإدارة
653 ## - INDEX TERM--UNCONTROLLED
Uncontrolled term التحديات العصرية
653 ## - INDEX TERM--UNCONTROLLED
Uncontrolled term الدراسة
653 ## - INDEX TERM--UNCONTROLLED
Uncontrolled term الفكر الإداري
653 ## - INDEX TERM--UNCONTROLLED
Uncontrolled term خصخصة المؤسسات
942 ## - ADDED ENTRY ELEMENTS (KOHA)
Koha item type كتب
المقتنيات
Withdrawn status Lost status Source of classification or shelving scheme Damaged status Not for loan Home library Current library Date acquired Serial enumeration / chronology Inventory number Total checkouts Full call number Barcode Date last seen Price effective from Koha item type
    Dewey Decimal Classification   Available مكتبة كلية العلوم الإقتصادية والعلوم التجارية وعلوم التسيير مكتبة كلية العلوم الإقتصادية والعلوم التجارية وعلوم التسيير 07/05/2026 الطابق الثاني 2046/10   أ/2046ن10 2046/10 07/05/2026 07/05/2026 كتب
    Dewey Decimal Classification   Available مكتبة كلية العلوم الإقتصادية والعلوم التجارية وعلوم التسيير مكتبة كلية العلوم الإقتصادية والعلوم التجارية وعلوم التسيير 07/05/2026 الطابق الثاني 2046/11   أ/2046ن11 2046/11 07/05/2026 07/05/2026 كتب
    Dewey Decimal Classification   Available مكتبة كلية العلوم الإقتصادية والعلوم التجارية وعلوم التسيير مكتبة كلية العلوم الإقتصادية والعلوم التجارية وعلوم التسيير 07/05/2026 الطابق الثاني 2046/12   أ/2046ن12 2046/12 07/05/2026 07/05/2026 كتب
    Dewey Decimal Classification   Available مكتبة كلية العلوم الإقتصادية والعلوم التجارية وعلوم التسيير مكتبة كلية العلوم الإقتصادية والعلوم التجارية وعلوم التسيير 07/05/2026 الطابق الثاني 2046/13   أ/2046ن13 2046/13 07/05/2026 07/05/2026 كتب
    Dewey Decimal Classification   Available مكتبة كلية العلوم الإقتصادية والعلوم التجارية وعلوم التسيير مكتبة كلية العلوم الإقتصادية والعلوم التجارية وعلوم التسيير 07/05/2026 الطابق الثاني 2046/14   أ/2046ن14 2046/14 07/05/2026 07/05/2026 كتب
    Dewey Decimal Classification   Available مكتبة كلية العلوم الإقتصادية والعلوم التجارية وعلوم التسيير مكتبة كلية العلوم الإقتصادية والعلوم التجارية وعلوم التسيير 07/05/2026 الطابق الثاني 2046/9   أ/2046ن9 2046/9 07/05/2026 07/05/2026 كتب

موارد الويب المفتوحة


© University of Algiers 3 All Rights Reserved
|
Implemented by LECHELAH Riad